000 00648nam a22001937a 4500
005 20180217144321.0
010 _aENG-122297
020 _a9789383096398
_c1625.00
035 _aEN-105829
037 _bDBAD/PUB
082 _a339
100 _aNaila iqbal
245 _aPolitical economy in macroeconomics /
_cby Naila Iqbal
260 _aNew Delhi
_bHorizon Press
_cc2014
270 _a102, 1st floor, satyam house, 4327/3, Ansari Road, Daryaganj
_bNew Delhi
_e110002
_k011-45652440
_mhorizonpress9@gmail.com
300 _avii, 296p.
_c24cm(pbk)
500 _aIt includes bibliography and index
942 _2ddc
_cEN
_h339
_mNAI
999 _c150017
_d150017